| 000 | 00495pab a2200169 454500 | ||
|---|---|---|---|
| 008 | 180718b2015 xxu||||| |||| 00| 0 eng d | ||
| 100 | _aTerman, Jessica | ||
| 245 | _aThird-party federalism: using local governments (and their contractors) to implement national policy | ||
| 260 | _c2015 | ||
| 300 | _ap.322-349. | ||
| 362 | _aSpring | ||
| 650 | _aLocal government | ||
| 650 | _aFederalism | ||
| 700 | _aFeiock, Richard | ||
| 773 | _aPublius: the Journal of Federalism | ||
| 909 | _a108612 | ||
| 999 |
_c108607 _d108607 |
||